Score 0/28 Timer 05:00
1 Play Today
% Correct
Casino Royale
98.8%
Goldfinger
97.4%
Licence to Kill
96.2%
You Only Live Twice
93.7%
Identity
92.3%
Spectre
92.3%
Fury Road
91.7%
Legacy
90.6%
The Final Frontier
90.5%
Supremacy
90.4%
Ultimatum
90.3%
Reloaded
90.1%
The Wrath of Khan
88.9%
First Contact
87.6%
% Correct
Into Darkness
87.6%
Clear and Present Danger
86.3%
Moonraker
86.2%
The Road Warrior
85.3%
Patriot Games
83.8%
Beyond Thunderdome
83%
Revolutions
82.8%
The Hunt for Red October
82.5%
Shadow Recruit
82.4%
The Sum of All Fears
80.8%
Thunderball
80.5%
Nemesis
79.9%
Red Dragon
77.8%
Insurrection
73.9%
Remove Ads.
Support Sporcle.
Get the best of Sporcle when you Go Orange. This ad-free experience offers more features, more stats, and more fun while also helping to support Sporcle. Thank you for becoming a member.

You're not logged in!

Compare scores with friends on all Sporcle quizzes.
OR
Log In

Show Comments

Extras

Top Quizzes Today


Score Distribution

Your Account Isn't Verified!

In order to create a playlist on Sporcle, you need to verify the email address you used during registration. Go to your Sporcle Settings to finish the process.

Report this User

Report this user for behavior that violates our Community Guidelines.

Details: